| 000 | 00365 a2200145 4500 | ||
|---|---|---|---|
| 999 |
_c12121 _d12121 |
||
| 003 | OSt | ||
| 005 | 20240111173713.0 | ||
| 008 | 240111b ||||| |||| 00| 0 eng d | ||
| 020 | _a9781846812415 | ||
| 082 | _a930 | ||
| 100 | _aJohn Haywood | ||
| 245 | _aThe Illustrated Children'S Encyclopedia Of The Ancient World | ||
| 260 |
_bHermes House _c2007 |
||
| 942 | _2ddc | ||